000
00296cam a22000977a 4500
008
180718b1978 xxu||||| |||| 00| 0 eng d
100
_a
India. Rajya Sabha Secretariat
245
_a
Rajya Sabha debates, vol 107 6-26 Dec.1978
260
_a
New Delhi
_b
Rajya Sabha Secretariat
_c
1978
300
_a
p.1-115
999
_c
384087
_d
384087